Extreme programming explained : embrace change (Record no. 182808)
[ view plain ]
| 000 -LEADER | |
|---|---|
| fixed length control field | 00491nam a2200169Ia 4500 |
| 005 - DATE AND TIME OF LATEST TRANSACTION | |
| control field | 20250429174224.0 |
| 008 - FIXED-LENGTH DATA ELEMENTS--GENERAL INFORMATION | |
| fixed length control field | 231217s9999 xx 000 0 und d |
| 020 ## - INTERNATIONAL STANDARD BOOK NUMBER | |
| International Standard Book Number | 9780201616415 |
| 082 ## - DEWEY DECIMAL CLASSIFICATION NUMBER | |
| Classification number | 005.1 BEC;1 R |
| 100 ## - MAIN ENTRY--PERSONAL NAME | |
| Personal name | Beck. Kent |
| 245 #0 - TITLE STATEMENT | |
| Title | Extreme programming explained : embrace change |
| 260 ## - PUBLICATION, DISTRIBUTION, ETC. (IMPRINT) | |
| Date of publication, distribution, etc. | 2000 |
| Name of publisher, distributor, etc. | Addison-Wesley |
| Place of publication, distribution, etc. | California |
| 300 ## - PHYSICAL DESCRIPTION | |
| Extent | xxi+190 |
| 650 ## - SUBJECT ADDED ENTRY--TOPICAL TERM | |
| Topical term or geographic name as entry element | Extreme,programming,explained,embrace |
| 942 ## - ADDED ENTRY ELEMENTS (KOHA) | |
| Koha item type | Books |
| 400 ## - SERIES STATEMENT/ADDED ENTRY--PERSONAL NAME [OBSOLETE, CAN/MARC], [LOCAL, USA] | |
| Personal name | The addison - wesley signature series |
| Date last seen | Total Checkouts | Full call number | Accession number | Old discount | Price effective from | Category | Lost status | Damaged status | Department | Withdrawn status | bill date | Permanent Location | Current Location | Shelving location | Entry date | Vendor | Grants | Currency symbol | Conversion rate | Discount | Discount type |
|---|---|---|---|---|---|---|---|---|---|---|---|---|---|---|---|---|---|---|---|---|---|
| 26/01/2024 | 005.1 BEC;1 R | 53584 | 26/01/2024 | Books | Central Library | 06/09/2012 | Central Library | Central Library | Library Annex | 24/03/2009 | Publisher | DONATED | RS | 1 | Rupees |
